000 00786nam a22002177a 4500
001 76360
003 BD-RjUL
005 20211209082830.0
008 191127s2019 bg ||||| |||| 00| 0 ben d
020 _a9789849333807
035 _a(BD-RjUL)76581
040 _aBD-RjUL
_beng
_cBD-RjUL
041 _aeng
082 _223
_a327.54
_bRED 2019
100 _aরেহমান, তারেক শামসুর
_9163936
245 _aদক্ষিণ পূর্ব এশিয়ার রাজনীতি /
_cতারেক শামসুর রেহমান
260 _aঢাকা :
_bশোভা প্রকাশ,
_c২০১৯
300 _a২৭০ পৃ. ;
_c২২ সেমি.
651 _aSouth Asia
_xPolitics and government
_9235633
942 _2ddc
_cBK
999 _c76360
_d76360